000
00297nam a2200121Ia 4500
008
220204s9999 xx 000 0 und d
082
_a
330.101.8
_b
STO
100
_a
HAQUE, D C
245
0
_a
Textbook of economic theory
260
_a
New York
_b
Wiley
_c
1964
700
_a
STONIER, A W
942
_c
BK
999
_c
21030
_d
21030